000 00632nam a2200193Ia 4500
003 IN-BaIIA
008 211028s9999 xx s 000 0 eng d
020 _a978-2-7598-0958-5 (Online)
022 _a1633-4760 (Print)
022 _a1638-1963 (Online)
040 _cIIA Library
100 _aMary, D., ed.
_938232
245 0 _aNew Concepts in Imaging: Optical and Statistical Models
_h[eBook]
260 _aFrance
_bEDP Sciences
_c2013
300 _a437p.
490 _aEAS Publications Series
856 _uhttps://www.eas-journal.org/articles/eas/abs/2013/01/contents/contents.html
_yClick Here to Access eBook
942 _cEB
999 _c20653
_d20653